000 02798cam a2200481 i 4500
999 _c116598
_d116598
001 22643244
003 BJBSDDR
005 20230411090808.0
006 a|||||r|||| 00| 0
007 ta
008 220525s2022 sp 001 0 spa d
010 _a 2021435305
020 _a9788437644448 (paperback)
020 _a8437644445 (paperback)
035 _a(OCoLC)1319439874
040 _aSP-BaPL
_beng
_erda
_cSP-BaPL
_dDLC
041 _aspa
042 _alccopycat
043 _ae-sp---
050 1 4 _aPN 1993.5
_bT693v 2022
100 1 _924116
_aTorres, Augusto M.,
_d1942-
245 1 0 _a21 cineastas españoles :
_b(entrevistas) /
_cAugusto M. Torres.
246 3 _aVeintiún cineastas españoles
246 3 _aCineastas españoles
246 3 _a21 entrevistas
250 _a1a. edición.
260 _aMadrid :
_bCátedra,
_c2022.
300 _a428 pages ;
_c21 cm.
336 _atext
_2rdacontent
337 _aunmediated
_2rdamedia
338 _avolume
_2rdacarrier
490 0 _aSigno e imagen ;
_v208
500 _aIncludes index.
520 _aDurante los años setenta, ochenta y noventa del siglo XX, e incluso en la primera década del xxi, el escritor, realizador y productor Augusto M. Torres dialoga con destacados cineastas mundiales. En "21 cineastas españoles (entrevistas)" reúne una variada selección con directores, guionistas, productores, actores y técnicos para construir un peculiar, original y coherente dibujo del cine español de la segunda mitad del siglo XX. Desde el olvidado de la más dura posguerra y el interesante de los años de la Transición hasta el nacido de la política cinematográfica de los socialistas. Una visión alejada de lo tradicional, lo habitual, lo siempre considerado políticamente correcto, que suele aparecer reflejado en las historias del cine. Un conjunto de entrevistas donde diversos profesionales hablan de su vida, sus películas y su relación con un medio tan específico como el cinematográfico. Realizadas en momentos especiales de las respectivas carreras, están prologadas por originales retratos y trayectorias de cada uno, además de una sucesión de consideraciones sobre las relaciones del entrevistador con el entrevistado y de estos con un cine tan específico como es el español durante esas décadas.
650 0 _aMotion picture producers and directors
_zSpain
_vInterviews.
650 4 _aProductores y directores de cine
_zEspaña
_vEntrevistas
_92441
650 0 _aMotion pictures
_zSpain
_xHistory
_y20th century.
650 4 _aCine
_zEspaña
_xHistoria
_ySiglo XX
_91728
830 0 _916406
_aSigno e imagen ;
906 _a7
_bcbc
_ccopycat
_d3
_encip
_f20
_gy-gencatlg
942 _2lcc
_cBK